000 00386nam a2200145Ia 4500
008 210716s2003 xx 000 0 und d
041 _aeng
082 _a651.7 RAIU
100 _aRai, Urmila; Rai, S M.
245 _aPrinciples of business communication.
250 _a1
260 _aNew Delhi
_bHimalaya Publishing House
_c2003
300 _a203
650 _aBusiness Communication
999 _c199773
_d199773